Every Pokémon item - Statistics

General Stats
  • This quiz has been taken 221 times
    131 since last reset
  • The average score is 287 of 1007
Answer Stats
Description Answer % Correct
Poké Ball with 1x catching odds Poké Ball
100%
Poké Ball with 0.75x catching odds Poké Ball (Hisui)
100%
Poké Ball with 255x catching odds (guaranteed capture) Master Ball
99%
Poké Ball with 1.5x catching odds Great Ball
96%
Poké Ball with 1.5x catching odds Great Ball (Hisui)
96%
Poké Ball with 2x catching odds Ultra Ball
94%
Poké Ball with 2.25x catching odds Ultra Ball (Hisui)
94%
Poké Ball with 3.5x catching odds on opposing Water- or Bug-type Pokémon Net Ball
90%
Poké Ball with higher odds the higher the opposing Pokémon's weight Heavy Ball
88%
Poké Ball with 1.25x catching odds on Pokémon that haven't noticed the player and in battle, 1x catching chance otherwise Heavy Ball (Hisui)
88%
Poké Ball with 8x catching odds on opposing Pokémon that are the same species but opposite gender as the player's Pokémon Love Ball
88%
Poké Ball with 5x catching odds on the first turn of a battle Quick Ball
88%
Poké Ball with 1x catching odds, only usable in Safari Zones or obtained through the Cram-o-matic Safari Ball
87%
Poké Ball with 1x catching odds, obtained for every 10 Poké Balls purchased at a Poké Mart Premier Ball
86%
Poké Ball with 3x catching odds on Pokémon encountered at night or in caves Dusk Ball
84%
Poké Ball with 5x catching odds on Ultra Beasts, 0.1x catching odds on other Pokémon Beast Ball
83%
Poké Ball with 3.5x catching odds on water-dwelling Pokémon Dive Ball
83%
Poké Ball with 1x catching odds, heals up any status conditions and restores all HP and PP of the caught Pokémon Heal Ball
81%
Poké Ball with 4x catching odds on Pokémon that are part of an evolutionary line of which at least 1 member evolves with a Moon Stone Moon Ball
81%
Poké Ball with higher catching odds the more turns have passed in the battle Timer Ball
81%
Poké Ball with 1x catching odds, which sets the base friendship of the caught Pokémon to 150 or 200 depending on the game Friend Ball
80%
Item that evolves Gloom, Weepinbell, Hisuian Voltorb, Exeggcute, Eevee, Nuzleaf and Pansage Leaf Stone
80%
Item that evolves Vulpix, Growlithe, Hisuian Growlithe, Eevee, Pansear and Capsakid Fire Stone
78%
Item that heals 20 HP Potion
78%
Item that evolves Poliwhirl, Shellder, Staryu, Eevee, Lombre and Panpour Water Stone
78%
Poké Ball with 4x catching odds on Pokémon with a base Speed stat of 100 or more Fast Ball
77%
Item that increases the spawn rates of rarer Pokémon and increases the level at which wild Pokémon spawn for 100 steps Lure
77%
Item that evolves Nidorina, Nidorino, Clefairy, Jigglypuff, Skitty and Munna Moon Stone
77%
Poké Ball with 3.5x catching odds on Pokémon already registered as caught in the Pokédex Repeat Ball
77%
Item that evolves Pikachu, Magneton, Eevee, Nosepass, Eelektrik, Charjabug and Tadbulb Thunder Stone
77%
Item that evolves Alolan Sandshrew, Alolan Vulpix, Eevee, Galarian Darumaka, Crabrawler and Cetoddle Ice Stone
75%
Poké Ball with 1x catching odds, doubles the rate at which the caught Pokémon's friendship increases Luxury Ball
75%
Poké Ball with 4x catching odds on Pokémon encountered through fishing Lure Ball
74%
Item that fully heals a Pokémon's HP Max Potion
74%
Item that evolves Gloom, Sunkern, Cottonee, Petilil and Helioptile Sun Stone
74%
Item that heals 50 HP (gen 1-6)-
Item that heals 60 HP (gen 7-9)
Super Potion
74%
Item that evolves Murkrow, Misdreavus, Lampent and Doublade Dusk Stone
72%
Held item that doubles Attack and Special Attack stats of the holder, if the holder is a Pikachu. It can also be used to breed Pichu that know Volt Tackle Light Ball
72%
Item that evolves male Kirlia and female Snorunt Dawn Stone
71%
Fossil that can be revived into Omanyte Helix Fossil
71%
Poké Ball with higher catching odds the lower the opposing Pokémon's level is Nest Ball
71%
Item that, for 100 steps, prevents encounters with wild Pokémon that are a lower level than the first Pokémon in the player's party Repel
71%
Item used to fish up high leveled Pokémon Super Rod
71%
Fossil that can be revived into Aerodactyl Old Amber
70%
Held item that gives the holder's moves a 10% chance to flinch if they didn't have a chance to flinch already. Also allows Poliwhirl and Slowpoke to evolve when traded while holding it King's Rock
68%
Item that, for 250 steps, prevents encounters with wild Pokémon that are a lower level than the first Pokémon in the player's party Max Repel
68%
Held item that boosts the holder's Steel-type moves' damage by 20%. Also allows Onix and Scyther to evolve when traded while holding it or when exposed to it (Legends: Arceus) Metal Coat
68%
Item used to fish up low leveled Pokémon Old Rod
68%
Item that, for 200 steps, prevents encounters with wild Pokémon that are a lower level than the first Pokémon in the player's party Super Repel
68%
Item that heals 200 HP (gen 1-6)-
Item that heals 120 HP (gen 7-9)
Hyper Potion
67%
Item that increases a Pokémon's Defense stat Iron
67%
Item that heals 50% of a fainted Pokémon's HP Revive
67%
Item that evolves Togetic, Roselia, Minccino and Floette Shiny Stone
67%
Item used to encounter Pokémon in tall grass, Honey Trees, or in hordes Honey
65%
Item that heals 100% of a fainted Pokémon's HP Max Revive
65%
Item that heals Burn Burn Heal
64%
Fossil that can be revived into Kabuto Dome Fossil
64%
Held item that prevens the holder from being KO'd when at full HP Focus Sash
64%
Item used to fish up higher leveled Pokémon Good Rod
64%
Poké Ball with higher odds the higher the level of the player's Pokémon compared to the opposing Pokémon Level Ball
64%
Berry that restores 10 HP when the consumer's HP falls below 50% Oran Berry
64%
Poké Ball used to catch Origin Forme Dialga or Origin Forme Palkia in Pokémon Legends: Arceus Origin Ball
64%
Held item that increases the holder's Speed stat by 50% but prevents any of the holder's moves being used aside from the move that was used first Choice Scarf
62%
Fossil that can be revived into Anorith Claw Fossil
62%
Poké Ball with 4x catching odds on opposing Pokémon that are asleep Dream Ball
62%
Item used to wake up sleeping Pokémon in the overworld Poké Flute
62%
Held item that increases the holder's critical hit ratio by 1 stage, and allows Sneasel to evolve when leveled up during the night and Hisuian Sneasel to evolve when leveled up during the day while holding this item Razor Claw
62%
Poké Ball with 1x catching odds, only used for certain event Pokémon Cherish Ball
61%
Item that allows Pokémon to receive Exp. even when they have not participated in a battle Exp. Share
61%
Item that heals any status condition Full Heal
61%
Held item that evolves Magmar when traded while holding this item Magmarizer
61%
Fossil that can be revived into Cranidos Skull Fossil
61%
Item that heals Poison Antidote
59%
Item to increase the speed at which the player traverses Bicycle
59%
Held item that allows Kyogre to undergo Primal Reversion Blue Orb
59%
Held item that allows Charizard to Mega Evolve Charizardite X
59%
Held item that allows Charizard to Mega Evolve Charizardite Y
59%
Item that heals any status condition and fully heals a Pokémon's HP Full Restore
59%
Berry that cures poison Pecha Berry
59%
Held item that allows Groudon to undergo Primal Reversion Red Orb
59%
Held item that evolves Porygon when traded while holding this item Up-Grade
59%
Held item that allows Venusaur to Mega Evolve Venusaurite
59%
Held item that allows Blaziken to Mega Evolve Blazikenite
58%
Held item that burns the holder Flame Orb
58%
Held item that allows Latias to Mega Evolve Latiasite
58%
Held item that allows Latios to Mega Evolve Latiosite
58%
Held item that heals 1/16 of the holder's HP every turn Leftovers
58%
Held item that increases the holder's Exp. gain by 150% Lucky Egg
58%
Poké Ball with 255x catching odds (guaranteed capture) when used in Pal Park Park Ball
58%
Item that increases a Pokémon's level by 1 Rare Candy
58%
Held item that gives the holder's moves a 10% chance to flinch if they didn't have a chance to flinch already. Also allows Gligar to evolve when leveled up during the night while holding this item Razor Fang
58%
Fossil that can be revived into Lileep Root Fossil
58%
Berry that restores 25% of the consumer's HP when it falls below 50% Sitrus Berry
58%
Held item that allows Steelix to Mega Evolve Steelixite
58%
Held item that allows Swampert to Mega Evolve Swampertite
58%
Held item that allows Aggron to Mega Evolve Aggronite
57%
Held item that allows Alakazam to Mega Evolve Alakazite
57%
Item that heals Sleep Awakening
57%
Held item that allows Beedrill to Mega Evolve Beedrillite
57%
Held item that evolves Seadra when traded while holding this item Dragon Scale
57%
Held item that prevents the holder from evolving Everstone
57%
Item used to fish up Pokémon Fishing Rod
57%
Held item that allows Gengar to Mega Evolve Gengarite
57%
Held item that boosts the critical hit ratio of the holder by 2 stages, if the holder is a Farfetch'd or a Sirfetch'd Leek
57%
Held item that turns the holder's Normal-type moves into Z-Moves Normalium Z
57%
Held item that allows Pinsir to Mega Evolve Pinsirite
57%
Item that increases the odds of finding Shiny Pokémon Shiny Charm
57%
Held item that allows Absol to Mega Evolve Absolite
55%
Held item that boosts the holder's Fire-type moves' damage by 20% Charcoal
55%
Held item that increases the holder's Special Attack stat by 50% but prevents any of the holder's moves being used aside from the move that was used first Choice Specs
55%
Held item that evolves Porygon2 when traded while holding this item Dubious Disc
55%
Held item that allows Garchomp to Mega Evolve Garchompite
55%
Held item that allows Gyarados to Mega Evolve Gyaradosite
55%
Fossil that can be revived into Tyrunt Jaw Fossil
55%
Held item that allows Kangaskhan to Mega Evolve Kangaskhanite
55%
Held item that allows Lopunny to Mega Evolve Lopunnite
55%
Held item that allows Mawile to Mega Evolve Mawilite
55%
Item that heals Paralysis Paralyze Heal
55%
Held item that allows Pidgeot to Mega Evolve Pidgeotite
55%
Item that increases a move's PP by 1/5 of the move's base PP PP Up
55%
Held item that evolves Dusclops when traded while holding this item Reaper Cloth
55%
Held item that allows Scizor to Mega Evolve Scizorite
55%
Held item that allows the holder to flee from any wild battle Smoke Ball
55%
Held item that badly poisons the holder Toxic Orb
55%
Held item that keeps the holder from being grounded Air Balloon
54%
Held item that allows Camerupt to Mega Evolve Cameruptite
54%
Berry that cures paralysis Cheri Berry
54%
Held item that increases the holder's Attack stat by 50% but prevents any of the holder's moves being used aside from the move that was used first Choice Band
54%
Held item that allows Diancie to Mega Evolve Diancite
54%
Held item that allows Gallade to Mega Evolve Galladite
54%
Held item that allows Gardevoir to Mega Evolve Gardevoirite
54%
Berry that restores 10 PP Leppa Berry
54%
Held item that boosts the holder's Fairy-type moves' damage by 20% and changes Arceus' type to Fairy Pixie Plate
54%
Item that can be used to flee from wild Pokémon battles Poké Doll
54%
Item that increases a Pokémon's Attack stat Protein
54%
Held item that allows Sceptile to Mega Evolve Sceptilite
54%
Held item that boosts the holder's Ground-type moves' damage by 20% Soft Sand
54%
Held item that allows Tyranitar to Mega Evolve Tyranitarite
54%
Held item that allows Ampharos to Mega Evolve Ampharosite
52%
Held item that boosts the power of the first Dark-type move used by the holder by 30% Dark Gem
52%
Held item that doubles the holder's Special Attack if the holder is a Clamperl, also evolves Clamperl when traded while holding this item Deep-Sea Tooth
52%
Held item that boosts the power of the first Dragon-type move used by the holder by 30% Dragon Gem
52%
Held item that boosts the power of the first Electric-type move used by the holder by 30% Electric Gem
52%
Held item that boosts the power of the first Fairy-type move used by the holder by 30% Fairy Gem
52%
Held item that boosts the power of the first Fighting-type move used by the holder by 30% Fighting Gem
52%
Held item that boosts the power of the first Fire-type move used by the holder by 30% Fire Gem
52%
Held item that boosts the holder's Fire-type moves' damage by 20% and changes Arceus' type to Fire Flame Plate
52%
Held item that boosts the power of the first Ghost-type move used by the holder by 30% Ghost Gem
52%
Held item that boosts the power of the first Grass-type move used by the holder by 30% Grass Gem
52%
Held item that boosts the power of the first Ice-type move used by the holder by 30% Ice Gem
52%
Item that heals 80 HP (gen 1-6)-
Item that heals 70 HP (gen 7-9)
Lemonade
52%
Held item that allows Medicham to Mega Evolve Medichamite
52%
Held item that allows Metagross to Mega Evolve Metagrossite
52%
Held item that boosts the power of the first Normal-type move used by the holder by 30% Normal Gem
52%
Held item that evolves Rhydon when traded while holding this item Protector
52%
Held item that boosts the power of the first Psychic-type move used by the holder by 30% Psychic Gem
52%
Held item that boosts the power of the first Rock-type move used by the holder by 30% Rock Gem
52%
Held item that turns the holder's Rock-type moves into Z-Moves Rockium Z
52%
Held item that allows Salamence to Mega Evolve Salamencite
52%
Held item that boosts the power of the first Steel-type move used by the holder by 30% Steel Gem
52%
Held item that boosts the power of the first Water-type move used by the holder by 30% Water Gem
52%
Held item that doubles the amount of prize money received after each battle when the holder has taken part in the battle Amulet Coin
51%
Held item that allows Audino to Mega Evolve Audinite
51%
Held item that boosts the power of the first Bug-type move used by the holder by 30% Bug Gem
51%
Held item that turns the holder's Dragon-type moves into Z-Moves Dragonium Z
51%
Held item that boosts the power of the first Flying-type move used by the holder by 30% Flying Gem
51%
Held item that has a 10% chance of allowing the holder to survive a hit on 1 HP Focus Band
51%
Item that heals 50 HP (gen 1-6)-
Item that heals 30 HP (gen 7-9)
Fresh Water
51%
Held item that turns the holder's Grass-type moves into Z-Moves Grassium Z
51%
Held item that boosts the power of the first Ground-type move used by the holder by 30% Ground Gem
51%
Item that increases a Pokémon's HP stat HP Up
51%
Held item that boosts the damage dealt by the holder's attacks by 30%, but makes the holder take 10% of its total HP in damage after every attack Life Orb
51%
Berry that restores any status condition Lum Berry
51%
Held item that boosts the power of the first Poison-type move used by the holder by 30% Poison Gem
51%
Held item that turns the holder's Steel-type moves into Z-Moves Steelium Z
51%
Item that evolves Applin Tart Apple
51%
Held item that boosts Steel- and Dragon-type moves' damage, if the holder is a Dialga Adamant Orb
49%
Held item that allows Aerodactyl to Mega Evolve Aerodactylite
49%
Item that increases a Pokémon's Special Attack Calcium
49%
Held item that doubles the holder's Special Defense if the holder is a Clamperl, also evolves Clamperl when traded while holding this item Deep-Sea Scale
49%
Held item that boosts the holder's Defense and Special Defense if the holder is not fully evolved Eviolite
49%
Held item that turns the holder's Ground-type moves into Z-Moves Groundium Z
49%
Held item that makes the holder move last in its priority bracket Lagging Tail
49%
Held item that allows Lucario to Mega Evolve Lucarionite
49%
Held item that boosts the holder's Electric-type moves' damage by 20% Magnet
49%
Item that heals 100 HP Moomoo Milk
49%
Held item that turns the holder's Poison-type moves into Z-Moves Poisonium Z
49%
Held item that allows Sharpedo to Mega Evolve Sharpedonite
49%
Item that evolves Applin Sweet Apple
49%
Held item that turns the holder's Water-type moves into Z-Moves Waterium Z
49%
Held item that boosts the holder's Fighting-type moves' damage by 20% Black Belt
48%
Item that increases a Pokémon's Speed stat Carbos
48%
Held item that turns the holder's Ice-type moves into Z-Moves Icium Z
48%
Held item that boosts the holder's Water-type moves' damage by 20% Mystic Water
48%
Held item that boosts the holder's Ice-type moves' damage by 20% Never-Melt Ice
48%
Item used to encounter Spiritomb Odd Keystone
48%
Berry that cures burn Rawst Berry
48%
Held item that allows Altaria to Mega Evolve Altarianite
46%
Held item that allows Banette to Mega Evolve Banettite
46%
Held item that turns the holder's Fire-type moves into Z-Moves Firium Z
46%
Held item that turns the holder's Ghost-type moves into Z-Moves Ghostium Z
46%
Item that changes a Pokémon's nature to Lax Lax Mint
46%
Item that fully restores a move's PP Max Ether
46%
Held item that allows Mewtwo to Mega Evolve Mewtwonite X
46%
Held item that allows Mewtwo to Mega Evolve Mewtwonite Y
46%
Item that changes a Pokémon's nature to Mild Mild Mint
46%
Item that evolves Happiny when leveled up when holding the item Oval Stone
46%
Item that increases a move's PP to the maximum of that move PP Max
46%
Held item that gives the holder a 20% chance of moving first in its priority bracket Quick Claw
46%
Item that changes a Pokémon's nature to Rash Rash Mint
46%
Item that allows the player to run Running Shoes
46%
Fossil that can be revived into Amaura Sail Fossil
46%
Held item that heals the holder's HP by 1/8 of the damage dealt from any attack on another Pokémon Shell Bell
46%
Held item that boosts the holder's Normal-type moves' damage by 20% Silk Scarf
46%
Held item that increases the rate at which the holder increases friendship Soothe Bell
46%
Item that changes a Pokémon's nature to Timid Timid Mint
46%
Item that changes a Pokémon's nature to Adamant Adamant Mint
45%
Held item that boosts the holder's Dark-type moves' damage by 20% Black Glasses
45%
Held item that heals 1/16 of the holder's HP every turn unless the holder is not a Poison-type, in which case it damages the holder for 1/8 of its HP every turn Black Sludge
45%
Item that changes a Pokémon's nature to Bold Bold Mint
45%
Item that changes a Pokémon's nature to Brave Brave Mint
45%
Item that changes a Pokémon's nature to Calm Calm Mint
45%
Item that changes a Pokémon's nature to Careful Careful Mint
45%
Held item that turns the holder's Electric-type moves into Z-Moves Electrium Z
45%
Item that restores 10 PP from a move Ether
45%
Held item that turns the holder's Fairy-type moves into Z-Moves Fairium Z
45%
Poké Ball with 1.25x catching odds when catching Pokémon flying high in the air, 1x catching odds otherwise Feather Ball
45%
Item that changes a Pokémon's nature to Gentle Gentle Mint
45%
Held item that raises the holder's Defense by 1 stage during Grassy Terrain Grassy Seed
45%
Item that changes a Pokémon's nature to Hasty Hasty Mint
45%
Held item that protects the holder from entry hazards Heavy-Duty Boots
45%
Item that heals Freeze Ice Heal
45%
Item that changes a Pokémon's nature to Impish Impish Mint
45%
Held item that halves the holder's Speed stat and grounds it Iron Ball
45%
Item that changes a Pokémon's nature to Jolly Jolly Mint
45%
Item that opens the door to Room 1 inside the Abandoned Ship (RSE) or Sea Mauville (ORAS) Key to Room 1
45%
Item that opens the door to Room 2 inside the Abandoned Ship (RSE) or Sea Mauville (ORAS) Key to Room 2
45%
Item that opens the door to Room 4 inside the Abandoned Ship (RSE) or Sea Mauville (ORAS) Key to Room 4
45%
Item that opens the door to Room 6 inside the Abandoned Ship (RSE) or Sea Mauville (ORAS) Key to Room 6
45%
Held item that boosts the holder's Grass-type moves' damage by 20% Miracle Seed
45%
Item that changes a Pokémon's nature to Modest Modest Mint
45%
Item that evolves Nebby when played together with the Sun Flute Moon Flute
45%
Item that changes a Pokémon's nature to Naïve Naïve Mint
45%
Item that changes a Pokémon's nature to Quiet Quiet Mint
45%
Item that changes a Pokémon's nature to Relaxed Relaxed Mint
45%
Held item that damages other Pokémon by 1/6 of their total HP if they make contact with the holder Rocky Helmet
45%
Item that changes a Pokémon's nature to Sassy Sassy Mint
45%
Item that changes a Pokémon's nature to Serious Serious Mint
45%
Item that allows the player to identify otherwise unidentifyable ghosts in the Pokémon Tower Silph Scope
45%
Item used to encounter Lugia Silver Feather
45%
Item that evolves Nebby when played together with the Moon Flute Sun Flute
45%
Held item that boosts the holder's Special Defense by 50% but prevents the holder from using Status moves Assault Vest
43%
Held item that allows the holder to restore 30% more HP than it normally would from HP draining moves Big Root
43%
Berry that cures sleep Chesto Berry
43%
Held item that boosts the holder's Dragon-type moves' damage by 20% Dragon Fang
43%
Held item that boosts the holder's Ground-type moves' damage by 20% and changes Arceus' type to Ground Earth Plate
43%
Item that increases the spawn rates of rarer Pokémon and increases the level at which wild Pokémon spawn for 250 steps Max Lure
43%
Item that can be used to change a Pokémon's Tera Type to Normal Normal Tera Shard
43%
Item that can be sold for 10.000 Pokédollars Nugget
43%
Fossil that can be revived into Archen Plume Fossil
43%
Held item that boosts the holder's Poison-type moves' damage by 20% Poison Barb
43%
Held item that raises the holder's Special Defense by 1 stage during Psychic Terrain Psychic Seed
43%
Held item that turns the holder's Psychic-type moves into Z-Moves Psychium Z
43%
Held item that allows Slowbro to Mega Evolve Slowbronite
43%
Item that increases the spawn rates of rarer Pokémon and increases the level at which wild Pokémon spawn for 200 steps Super Lure
43%
Item used to gain access to Saffron City from all gates Tea
43%
Held item that boosts the holder's Psychic-type moves' damage by 20% Twisted Spoon
43%
Item that raises a Pokémon's Speed by 2 stages X Speed
43%
Item that can be used to change a Pokémon's Tera Type to Bug Bug Tera Shard
42%
Item that can be used to change a Pokémon's Tera Type to Dark Dark Tera Shard
42%
Item that can be used to change a Pokémon's Tera Type to Dragon Dragon Tera Shard
42%
Held item that raises the holder's Defense by 1 stage during Electric Terrain Electric Seed
42%
Item that can be used to change a Pokémon's Tera Type to Electric Electric Tera Shard
42%
Item that is used to instantly exit caves Escape Rope
42%
Item that can be used to change a Pokémon's Tera Type to Fairy Fairy Tera Shard
42%
Item that can be used to change a Pokémon's Tera Type to Fighting Fighting Tera Shard
42%
Item that can be used to change a Pokémon's Tera Type to Fire Fire Tera Shard
42%
Item that can be used to change a Pokémon's Tera Type to Flying Flying Tera Shard
42%
Item that can be used to change a Pokémon's Tera Type to Ghost Ghost Tera Shard
42%
Item that can be used to change a Pokémon's Tera Type to Grass Grass Tera Shard
42%
Item that can be used to change a Pokémon's Tera Type to Ground Ground Tera Shard
42%
Item that can be used to change a Pokémon's Tera Type to Ice Ice Tera Shard
42%
Item that changes a Pokémon's nature to Lonely Lonely Mint
42%
Held item that boosts Water- and Dragon-type moves' damage, if the holder is a Dialga Lustrous Orb
42%
Item that changes a Pokémon's nature to Naughty Naughty Mint
42%
Item that can be used to change a Pokémon's Tera Type to Poison Poison Tera Shard
42%
Item that records information on Pokémon you've encountered and/or caught Pokédex
42%
Held item that evolves Feebas when traded while holding this item Prism Scale
42%
Item that can be used to change a Pokémon's Tera Type to Psychic Psychic Tera Shard
42%
Item that can be used to change a Pokémon's Tera Type to Rock Rock Tera Shard
42%
Held item that boosts the holder's Flying-type moves' damage by 20% Sharp Beak
42%
Item that heals 60 HP (gen 1-6)-
Item that heals 50 HP (gen 7-9)
Soda Pop
42%
Item that can be used to change a Pokémon's Tera Type to Steel Steel Tera Shard
42%
Held item that boosts the holder's Poison-type moves' damage by 20% and changes Arceus' type to Poison Toxic Plate
42%
Item that can be used to change a Pokémon's Tera Type to Water Water Tera Shard
42%
Held item that raises the holder's Attack and Special Attack by 2 stages when it is hit by a super effective move Weakness Policy
42%
Item that raises a Pokémon's Attack by 2 stages X Attack
42%
Item that raises a Pokémon's Defense by 2 stages X Defense
42%
Item that raises a Pokémon's Special Attack by 2 stages X Sp. Atk
42%
Held item that boosts the holder's Dragon-type moves' damage by 20% and changes Arceus' type to Dragon Draco Plate
41%
Held item that boosts the damage dealt by the holder's super effective attacks by 20% Expert Belt
41%
Held item that turns the holder's Fighting-type moves into Z-Moves Fightinium Z
41%
Held item that allows Giratina to change to its Origin Forme and boosts its Ghost- and Dragon-type moves' damage by 20% Griseous Orb
41%
Item used to encounter Celebi GS Ball
41%
Held item that boosts the holder's Rock-type moves' damage by 20% Hard Stone
41%
Held item that boosts the holder's Bug-type moves' damage by 20% and changes Arceus' type to Bug Insect Plate
41%
Poké Ball with 2.75x catching odds when catching Pokémon flying high in the air, 2x catching odds otherwise Jet Ball
41%
Held item that decreases the accuracy of moves targeting the holder by 10% and allows Wobbuffet to produce Wynaut eggs Lax Incense
41%
Held item that increases the duration of Reflect, Light Screen and Aurora Veil Light Clay
41%
Held item that allows Manectric to Mega Evolve Manectite
41%
Held item that cures the holder of infatuation, Taunt, Torment, Encore, Heal Block and Disable Mental Herb
41%
Held item that raises the holder's Special Defense by 1 stage duringMisty Terrain Misty Seed
41%
Item that evolves Ursaring during a full moon Peat Block
41%
Held item that allows Abomasnow to Mega Evolve Abomasite
39%
Held item that changes Silvally's type to Bug Bug Memory
39%
Held item that changes Silvally's type to Dark Dark Memory
39%
Held item that changes Silvally's type to Electric Electric Memory
39%
Held item that changes Silvally's type to Fairy Fairy Memory
39%
Held item that changes Silvally's type to Fighting Fighting Memory
39%
Held item that changes Silvally's type to Fire Fire Memory
39%
Held item that changes Silvally's type to Flying Flying Memory
39%
Held item that turns the holder's Flying-type moves into Z-Moves Flyinium Z
39%
Item that evolves Galarian Slowpoke Galarica Wreath
39%
Held item that changes Silvally's type to Ghost Ghost Memory
39%
Held item that changes Silvally's type to Grass Grass Memory
39%
Held item that changes Silvally's type to Ground Ground Memory
39%
Held item that changes Silvally's type to Ice Ice Memory
39%
Held item that changes Silvally's type to Poison Poison Memory
39%
Held item that changes Silvally's type to Psychic Psychic Memory
39%
Held item that forces another Pokémon to switch out if they hit the holder with an attacking move that does not KO the holder Red Card
39%
Held item that changes Silvally's type to Rock Rock Memory
39%
Held item that changes Zamazenta from its Hero of Many Battles form to its Crowned Shield Form Rusted Shield
39%
Held item that changes Zacian from its Hero of Many Battles form to its Crowned Sword Form Rusted Sword
39%
Held item that raises the holder's critical hit rate by 1 stage Scope Lens
39%
Held item that boosts the holder's Bug-type moves' damage by 20% Silver Powder
39%
Held item that changes Silvally's type to Steel Steel Memory
39%
Held item that damages the holder 12,5% of its maximum HP every turn, but if another Pokémon with no held item makes contact with the holder, the attacker will be holding the item Sticky Barb
39%
Held item that boosts the holder's Rock-type moves' damage by 20% and changes Arceus' type to Rock Stone Plate
39%
Held item that raises the holder's Special Attack by 1 stage when the holder uses a sound-based move Throat Spray
39%
Held item that boosts the holder's Water-type moves' damage by 20% and allows Mantine to produce Mantyke eggs Wave Incense
39%
Item that temporarily increases the spawn rate of wild Pokémon by 50% (gen 3-4)-
Item to be sold for 200 Pokédollars (BW, B2W2 & XY)
-
Item that temporarily decreases the level of wild Pokémon that spawn (ORAS)
White Flute
39%
Held item that immediately removes any stat drop the holder gets, once White Herb
39%
Item that increases a Pokémon's Special Defense Zinc
39%
Item that allows the player to use Z-Moves Z-Ring
39%
Fossil that can be revived into Shieldon Armor Fossil
38%
Held item that extends the duration of Rain Damp Rock
38%
Item that can fuse Kyurem with either Reshiram or Zekrom to create White Kyurem or Black Kyurem, and revert the fusion back DNA Splicers
38%
Held item that changes Silvally's type to Dragon Dragon Memory
38%
Held item that evolves Electabuzz when traded while holding this item Electirizer
38%
Item that restores 10 PP from every move of a Pokémon Elixir
38%
Item that heals any status condition Lava Cookie
38%
Held item that boosts the critical hit ratio of the holder by 2 stages, if the holder is a Chansey or transformed into a Chansey Lucky Punch
38%
Item that fully restores the PP of every move of a Pokémon Max Elixir
38%
Held item that increases the damage dealt by the holder's attacks by 20%, as long as the attack is used consecutively Metronome
38%
Berry that makes wild Pokémon drop more items Pinap Berry
38%
Item used to encounter Ho-Oh Rainbow Wing
38%
Held item that allows Sableye to Mega Evolve Sablenite
38%
Held item that boosts the holder's Water-type moves' damage by 20% and allows Marill and Azumarill to produce Azurill eggs Sea Incense
38%
Held item that boosts the holder's Flying-type moves' damage by 20% and changes Arceus' type to Flying Sky Plate
38%
Poké Ball with 1x catching odds, only usable in Bug-Catching Contests or obtained through the Cram-o-matic Sport Ball
38%
Item that can be used to change a Pokémon's Tera Type to Stellar Stellar Tera Shard
38%
Item to look at the region's layout Town Map
38%
Held item that changes Silvally's type to Water Water Memory
38%
Poké Ball with 1.75x catching odds when caching Pokémon flying high in the air, 1.5x catching odds otherwise Wing Ball
38%
Item that raises a Pokémon's Special Defense by 2 stages X Sp. Def
38%
Item that can change a Pokémon's ability Ability Capsule
36%
Fossil that can be revived into Tirtouga Cover Fossil
36%
Held item that switches out the holder when it's it by a damaging move Eject Button
36%
Held item that boosts the holder's Fighting-type moves' damage by 20% and changes Arceus' type to Fighting Fist Plate
36%
Poké Ball with 2.75x catching odds on Pokémon that haven't noticed the player and in battle, 2.5x catching chance otherwise Gigaton Ball
36%
Held item that allows Heracross to Mega Evolve Heracronite
36%
Held item that boosts the holder's Steel-type moves' damage by 20% and changes Arceus' type to Steel Iron Plate
36%
Held item that halves the holder's Speed stat, but doubles the holder's EV gain Macho Brace
36%
Held item that boosts the holder's Psychic-type moves' damage by 20% and changes Arceus' type to Psychic Mind Plate
36%
Item that heals 100% of a fainted Pokémon's HP but lowers friendship Revival Herb
36%
Item that fully heals the HP of every Pokémon in the party as long as at least 1 Pokémon has fainted Sacred Ash
36%
Held item that boosts the holder's Ghost-type moves' damage by 20% and changes Arceus' type to Ghost Spooky Plate
36%
Berry that cures being frozen Aspear Berry
35%
Item that heals 20 HP, also works as a held item Berry Juice
35%
Item that evolves Phony Sinistea Cracked Pot
35%
Item that evolves Galarian Slowpoke Galarica Cuff
35%
Item used to encounter Reshiram Light Stone
35%
Held item that makes multi-hit moves strike 4-5 times every time Loaded Dice
35%
Item that allows the player to Mega Evolve Pokémon Mega Ring
35%
Berry that makes wild Pokémon move around less and the target ring slower Nanab Berry
35%
Item that can be sold for 1.000 Pokédollars Pearl
35%
Held item that will make a move that has to charge for a turn be used immediately Power Herb
35%
Berry that makes it easier to catch Pokémon Razz Berry
35%
Held item that removes the holder's immunities Ring Target
35%
Item that allows the player to skate Roller Skates
35%
Held item that boosts the Special Attack and Special Defense stats of the holder by 50%, if the holder is a Latias or Latios (gen 3-6)-
Held item that boosts the holder's Psychic- and Dragon-type moves' damage by 20%, if the holder is a Latias or Latios
Soul Dew
35%
Held item that boosts the holder's Accuracy by 10% Wide Lens
35%
Item that changes a Pokémon's ability to its Hidden Ability or to one of its regular abilities Ability Patch
33%
Item that can be sold for 20.000 Pokédollars Big Nugget
33%
Item that temporarily halves the spawn rate of wild Pokémon (gen 3-4)-
Item to be sold for 200 Pokédollars (BW, B2W2 & XY)
-
Item that temporarily increases the level of wild Pokémon that spawn (ORAS)
Black Flute
33%
Held item that turns the holder's Dark-type moves into Z-Moves Darkinium Z
33%
Held item that extends the duration of Hail or Snow Icy Rock
33%
Item used to wake up Eldritch's son from his endless nightmares, and can be used to encounter Cresselia Lunar Feather
33%
Item to vastly increase the speed at which the player traverses Mach Bike
33%
Held item that boosts the holder's Grass-type moves' damage by 20% and changes Arceus' type to Grass Meadow Plate
33%
Berry that cures confusion Persim Berry
33%
Item used to cure infatuation Red Flute
33%
Item used to allow Calyrex to mount Glastrier or Spectrier to create Ie Rider Calyrex or Shadow Rider Calyrex Reins of Unity
33%
Held item that boosts the holder's Rock-type moves' damage by 20% and allows Sudowoodo to produce Bonsly eggs Rock Incense
33%
Held item that lowers the holder's Speed stat by 1 stage when Trick Room is active Room Service
33%
Held item that boosts the holder's Grass-type moves' damage by 20% and allows Roselia and Roserade to produce Budew eggs Rose Incense
33%
Held item that boosts the holder's Ghost-type moves' damage by 20% Spell Tag
33%
Held item that doubles the Attack stat of the holder, if the holder is a Cubone, Marowak or transformed into a Cubone or Marowak Thick Club
33%
Item that raises a Pokémon's Accuracy by 2 stages X Accuracy
33%
Item to increase the speed at which the player traverses and allows the player to perform tricks Acro Bike
32%
Item used to encounter Suicune (Crystal) or Ho-Oh (HeartGold, Omega Ruby) Clear Bell
32%
Held item that infatuates an opponent if the holder is infatuated by that opponent. Also allows Pokémon to inherit 5 IV's from their parent Pokémon from breeding as long as that parent Pokémon is holding the item Destiny Knot
32%
Item that increases a Pokémon Exp. by 800 Exp. Candy S
32%
Item that allows Shaymin to change from its Land Forme to its Sky Forme Gracidea
32%
Held item that extends the duration of Harsh Sun Heat Rock
32%
Held item that allows Houndoom to Mega Evolve Houndoominite
32%
Held item that changes the mask Ogerpon is holding, and boosts all of Ogerpon's moves by 20% Wellspring Mask
32%
Held item that boosts the holder's Electric-type moves' damage by 20% and changes Arceus' type to Electric Zap Plate
32%
Held item that activates Protosynthesis or Quark Drive Booster Energy
30%
Held item that decreases the accuracy of moves targeting the holder by 10% Bright Powder
30%
Held item that turns the holder's Bug-type moves into Z-Moves Buginium Z
30%
Item that allows the player to Dynamax or Gigantamax their Pokémon Dynamax Band
30%
Held item that changes Eevee's Last Resort into Extreme Evoboost Eevium Z
30%
Item that increases a Pokémon Exp. by 10.000 Exp. Candy L
30%
Item that increases a Pokémon Exp. by 3.000 Exp. Candy M
30%
Held item that halves the holder's weight Float Stone
30%
Fossil that can be revived into Dracovish or Arctovish Fossilized Fish
30%
Held item that changes Mimikyu's Play Rough into Let's Snuggle Forever Mimikium Z
30%
Item that changes Oricorio to its Pa'u Style Pink Nectar
30%
Item that changes Oricorio to its Sensu Style Purple Nectar
30%
Item that changes Oricorio to its Baile Style Red Nectar
30%
Held item that makes the holder immune to spore- and powder-moves, as well as Sandstorm and Hail damage Safety Goggles
30%
Held item that changes Snorlax' Giga Impact into Pulverizing Pancake Snorlium Z
30%
Poké Ball with 0.75x catching odds, Poké Balls for Pokémon transferred to or from Pokémon Legends: Arceus change into this Poké Ball Strange Ball
30%
Held item that increases the duration of Terrains Terrain Extender
30%
Held item that boosts the holder's Special Attack by 10% Wise Glasses
30%
Item that changes Oricorio to its Pom-Pom Style Yellow Nectar
30%
Held item that raises the holder's Speed stat by 1 stage when the holder is affected by Intimidate. It can also be used to make wild Pokémon more likely to call for help in SOS Battles Adrenaline Orb
29%
Held item that allows Blastoise to Mega Evolve Blastoisinite
29%
Item used to wake up sleeping Pokémon in the overworld or in battle Blue Flute
29%
Held item that raises the holder's Speed stat by 2 stages if an attack from the holder misses Blunder Policy
29%
Item that increases a Pokémon's Dynamax level by 1 Dynamax Candy
29%
Item that increases a Pokémon Exp. by 30.000 Exp. Candy XL
29%
Item that increases a Pokémon Exp. by 100 Exp. Candy XS
29%
Fossil that can be revived into Dracozolt or Arctozolt Fossilized Bird
29%
Fossil that can be revived into Dracozolt or Dracovish Fossilized Drake
29%
Item to be exchanged for the Move Reminder's service Heart Scale
29%
Held item that doubles the amount of prize money received after each battle when the holder has taken part in the battle and allows Chansey and Blissey to produce Happiny eggs Luck Incense
29%
Item that allows the player to Mega Evolve Pokémon Mega Bracelet
29%
Item that allows Rayquaza to Mega Evolve Meteorite
29%
Held item that changes Primarina's Sparkling Aria into Oceanic Operetta Primarium Z
29%
Held item that evolves Spritzee when traded while holding this item Sachet
29%
Item used to summon Spectrier Shaderoot Carrot
29%
Item used to encounter Lugia Tidal Bell
29%
Item used to water Sudowoodo and to water Berry plants Wailmer Pail
29%
Held item that prevents the holder's ability from being changed or nullified Ability Shield
28%
Held item that raises the holder's Special Attack by 1 stage if the holder is hit by a Water-type move Absorb Bulb
28%
Item used to craft Poké Balls Apricorn
28%
Held item that changes Decidueye's Spirit Shackle into Sinister Arrow-Raid Decidium Z
28%
Item that raises a Pokémon's critical hit ratio by 2 stages Dire Hit
28%
Item used to find hidden items Dowsing Machine
28%
Berry that makes it a ton easier to catch Pokémon Golden Razz Berry
28%
Held item that makes the holder's binding moves last for 7 turns Grip Claw
28%
Held item that changes the mask Ogerpon is holding, and boosts all of Ogerpon's moves by 20% Hearthflame Mask
28%
Item used to summon Glastrier Iceroot Carrot
28%
Held item that changes Incineroar's Darkest Lariat into Malicious Moonsault Incinium Z
28%
Held item that changes Kommo-o's Clanging Scales into Clangorous Soulblaze Kommonium Z
28%
Held item that changes Mew's Psychic into Genesis Supernova Mewnium Z
28%
Held item that boosts the holder's Attack by 10% Muscle Band
28%
Held item that doubles the Speed stat of the holder, if the holder is a Ditto that has not transformed Quick Powder
28%
Berry that reduces the damage taken from super effective Grass-type attacks Rindo Berry
28%
Held item that raises the holder's Attack by 1 stage if the holder is hit by an Ice-type move, can also be used to stun wild Pokémon Snowball
28%
Item used to water Sudowoodo and to water Berry plants grown in Berry Pots Squirt Bottle
28%
Held item that boosts the holder's Accuracy by 20% against Pokémon that have already moved during the turn Zoom Lens
28%
Item to be used by Kurt to make a Heavy Ball Black Apricorn
26%
Item that evolves Scyther Black Augurite
26%
Item to be used by Kurt to make a Lure Ball Blue Apricorn
26%
Item that heals 200 HP but lowers friendship (gen 1-6)-
Item that heals 120 HP but lowers friendship (gen 7-9)
Energy Root
26%
Berry that heals 25% of the consumer's HP after being hit by a super effective attack Enigma Berry
26%
Held item that makes the holder move last in its priority bracket and allows Snorlax to produce Munchlax eggs Full Incense
26%
Item to be exchagned for a Galarica Cuff or a Galarica Wreath Galarica Twig
26%
Held item that allows Glalie to Mega Evolve Glalitite
26%
Item to be used by Kurt to make a Friend Ball Green Apricorn
26%
Berry that increases the Attack stat of the consumer when its HP falls below 25% Liechi Berry
26%
Item that evolves Kadabra, Machoke, Graveler and Haunter Linking Cord
26%
Held item that changes Lycanroc's Stone Edge into Splintered Stormshards Lycanium Z
26%
Held item that doubles the Defense stat of the holder, if the holder is a Ditto that has not transformed Metal Powder
26%
Held item that boosts the holder's Psychic-type moves' damage by 20% and allows Mr. Mime and Mr. Rime to produce Mime Jr. eggs Odd Incense
26%
Held item that changes Pikachu's Volt Tackle into Catastropika Pikanium Z
26%
Held item that halves the holder's Speed but increases the amount of Special Defense EV's the holder receives. It also passes down the Special Defense IV of a Pokémon to its offspring when bred Power Band
26%
Held item that protects the holder from damage or effects caused by making contact with a target and boosts punching moves' damage by 10% Punching Glove
26%
Item to be used by Kurt to make a Level Ball Red Apricorn
26%
Berry that makes it much easier to catch Pokémon Silver Razz Berry
26%
Held item that extends the duration of a Sandstorm Smooth Rock
26%
Held item that boosts the holder's Water-type moves' damage by 20% and changes Arceus' type to Water Splash Plate
26%
Held item that changes Tapu Koko, Tapu Lele, Tapu Bulu and Tapu Fini's Nature's Madness into Guardian of Alola Tapunium Z
26%
Held item that evolves Swirlix when traded while holding this item Whipped Dream
26%
Item to be used by Kurt to make a Fast Ball White Apricorn
26%
Item used to cure confusion Yellow Flute
26%
Item that raises the defensive stats of the Pokémon in battle Aux Guard
25%
Item that can be sold for 4.000 Pokédollars Big Pearl
25%
Item that heals any status condition Casteliacone
25%
Item that evolves Antique Sinistea Chipped Pot
25%
Held item that changes the mask Ogerpon is holding, and boosts all of Ogerpon's moves by 20% Cornerstone Mask
25%
Held item that prevents the holder from being affected by additional effects from moves used by other Pokémon Covert Cloak
25%
Item used to encounter Zekrom Dark Stone
25%
Item that allows the player to see hidden Kecleon Devon Scope
25%
Held item that boosts the holder's Dark-type moves' damage by 20% and changes Arceus' type to Dark Dread Plate
25%
Held item that boosts the holder's Fairy-type moves' damage by 20% Fairy Feather
25%
Fossil that can be revived into Arctozolt or Arctovish Fossilized Dino
25%
Held item that boosts the holder's Ice-type moves' damage by 20% and changes Arceus' type to Ice Icicle Plate
25%
Poké Ball with 2x catching odds on Pokémon that haven't noticed the player and in battle, 1.75x catching chance otherwise Leaden Ball
25%
Held item that changes Lunala and Dawn Wings Necrozma's Moongeist Beam into Menacing Moonraze Maelstrom Lunalium Z
25%
Item that heals any status condition Old Gateau
25%
Item to be used by Kurt to make a Love Ball Pink Apricorn
25%
Held item that increases the holder's Coolness stat during Pokémon Contests Red Scarf
25%
Berry that reduces the damage taken from super effective Fairy-type attacks Roseli Berry
25%
Berry that makes wild Pokémon drop many more items Silver Pinap Berry
25%
Held item that changes Solgaleo and Dusk Mane Necrozma's Sunsteel Strike into Searing Sunraze Smash Solgalium Z
25%
Item that is used to board th S.S. Anne | Item that is used to board th S.S. Aqua | Item that is used to board the S.S. Tidal S.S. Ticket
25%
Item that evolves Applin Syrupy Apple
25%
Berry that reduces the damage taken from super effective Ice-type attacks Yache Berry
25%
Item to be used by Kurt to make a Moon Ball Yellow Apricorn
25%
Item that heals any status condition Big Malasada
23%
Held item that increases the holder's Beauty stat during Pokémon Contests Blue Scarf
23%
Held item that makes Genesect's Techno Blast to deal Fire-type damage Burn Drive
23%
Held item that increases the holder's Attack by 1 stage if the holder is hit by an Electric-type move Cell Battery
23%
Held item that decreases the encounter rate of wild Pokémon by 1/3 when the holder is the first Pokémon in the party Cleanse Tag
23%
Item that holds Coins from the Game Corner Coin Case
23%
Berry that makes wild Pokémon move around way less and the target ring slower Golden Nanab Berry
23%
Berry that makes wild Pokémon drop a lot of items Golden Pinap Berry
23%
Item used to encounter Heatran Magma Stone
23%
Held item that changes Marshadow's Spectral Thief into Soul-Stealing 7-Star Strike Marshadium Z
23%
Item that evolves Duraludon Metal Alloy
23%
Held item that copies an opponent's stat boosts once. Can also be used to teach the holder egg moves Mirror Herb
23%
Berry that reduces the damage taken from super effective Fire-type attacks Occa Berry
23%
Item that allows the player to ride the Magnet Train Pass
23%
Held item that increases the holder's Cuteness stat during Pokémon Contests Pink Scarf
23%
Item that heals any status condition Rage Candy Bar
23%
Item that allows Tornadus, Thundurus, Landorus and Enamorus to change from their Incarnate Formes to their Therian Formes and vice versa Reveal Glass
23%
Item that evolves Kubfu Scroll of Darkness
23%
Item that can be sold for 1.000 Pokédollars, and is used to craft items with (Legends: Arceus) Stardust
23%
Item to be returned to Ogerpon Teal Mask
23%
Held item that protects the holder from the effects from Rain and Harsh Sun Utility Umbrella
23%
Item that raises the Evasion of the Pokémon in battle Aux Evasion
22%
Held item that increases the damage dealt by binding effects from binding moves Binding Band
22%
Held item that makes Genesect's Techno Blast to deal Ice-type damage Chill Drive
22%
Held item that makes Genesect's Techno Blast to deal Water-type damage Douse Drive
22%
Held item that increases the holder's Cleverness stat during Pokémon Contests Green Scarf
22%
Item that heals any status condition but lowers friendship Heal Powder
22%
Berry that reduces the damage taken from super effective Water-type attacks Passho Berry
22%
Item that holds the player's Poffins Poffin Case
22%
Item used to seek out wild Pokémon hiding in tall grass and can be used to increase Shiny odds Poké Radar
22%
Held item that halves the holder's Speed but increases the amount of Speed EV's the holder receives. It also passes down the Speed IV of a Pokémon to its offspring when bred Power Anklet
22%
Held item that decreases the encounter rate of wild Pokémon by 1/3 when the holder is the first Pokémon in the party and allows Chimecho to produce Chingling eggs Pure Incense
22%
Item that contains information on Paradox Pokémon, Area Zero and Herba Mystica, and is used to shut down Professor Sada's time machine Scarlet Book
22%
Held item that allows the holder to switch out regardless of any active abilities or trapping effects Shed Shell
22%
Held item that makes Genesect's Techno Blast to deal Electric-type damage Shock Drive
22%
Berry that reduces the damage taken from super effective Ground-type attacks Shuca Berry
22%
Berry that makes wild Pokémon move around much less and the target ring slower Silver Nanab Berry
22%
Item that creates a smoke cloud for the player to sneak in, so wild Pokémon don't get alerted Smoke Bomb
22%
Berry that sharply increases a random stat of the consumer when its HP falls below 25% Starf Berry
22%
Item that can be sold for 4.900 Pokédollars Star Piece
22%
Item that contains information on Paradox Pokémon, Area Zero and Herba Mystica, and is used to shut down Professor Turo's time machine Violet Book
22%
Item that allows communcation with other characters in Unova Xtransceiver
22%
Held item that increases the holder's Toughness stat during Pokémon Contests Yellow Scarf
22%
Item that allows the player to use more Z-Moves Z-Power Ring
22%
Item that stores Zygarde Cells and Cores and can be used to create Zygarde and teach it certain moves Zygarde Cube
22%
Item that can be sold for 2.500 Pokédollars Big Mushroom
20%
Item that allows you to get the Bicyle for free Bike Voucher
20%
Berry that reduces the damage taken from super effective Fighting-type attacks Chople Berry
20%
Held item that prevents the holder's stats to be lowered by other Pokémon Clear Amulet
20%
Item that slightly increases a Pokémon's Special Defense stat Clever Feather
20%
Item that allows the player to summon Latias or Latios to soar in the sky Eon Flute
20%
Berry that restores 33% of the consumer's HP when it falls below 25%, but confuses Pokémon that like sour food Iapapa Berry
20%
Item used to encounter Rayquaza Jade Orb
20%
Item that holds Koraidon Koraidon's Poké Ball
20%
Held item that help Bisharp evolve when defeating wild Bisharp holding this item Leader's Crest
20%
Item that raises all of a Pokémon's stats by 1 stage each. Can also be used to give a Pokémon the Gigantamax Factor Max Mushrooms
20%
Item that holds Miraidon Miraidon's Poké Ball
20%
Item that can be sold for 10.000 Pokédollars Pearl String
20%
Item that makes the Pokémon take on a hard-hitting stance Twice-Spiced Radish
20%
Berry that reduces the damage taken from super effective Electric-type attacks Wacan berry
20%
Item that evolves Charcadet Auspicious Armor
19%
Item used as bait for certain wild Pokémon Bean Cake
19%
Held item that confuses the holder for 256 turns and raises the holder's Attack stat by 2 stages Berserk Gene
19%
Item to be exchanged for a number of goods Blue Shard
19%
Held item that switches out the holder when any of its stats are lowered Eject Pack
19%
Item that can be used to flee from wild Pokémon battles Fluffy Tail
19%
Item to be exchanged for a number of goods Green Shard
19%
Item that prevents opposing Pokémon from lowering the player's Pokémon's stats for 5 turns Guard Spec.
19%
Berry that reduces the damage taken from super effective Dragon-type attacks Haban Berry
19%
Item that allows the player to Mega Evolve Pokémon when placed inside a Mega Ring, Mega Bracelet, Z-Ring or Z-Power Ring Key Stone
19%
Item that triples the chances of wild Pokémon having marks Mark Charm
19%
Item that increases the chance of eggs being found at the Day Care Oval Charm
19%
Item that can be sold for 500 Pokédollars Pretty Feather
19%
Item that allows Hoopa to change into its Unbound form Prison Bottle
19%
Held item that protects the holder from damage or effects caused by making contact with a target Protective Pads
19%
Item to be exchanged for a number of goods Red Shard
19%
Item that allows the player to Terastallize their Pokémon Tera Orb
19%
Item used to record the player's battles Vs. Recorder
19%
Item that allows the player to battle trainers they've already battled before VS. Seeker
19%
Item to be exchanged for a number of goods Yellow Shard
19%
Item used to encounter Articuno Articuno Treat
17%
Item that changes Arceus' type to Normal Blank Plate
17%
Item that can be exchanged to maximize one of one of the player's Pokémon's IV's in Hyper Training Bottle Cap
17%
Berry that reduces the damage taken from super effective Rock-type attacks Charti Berry
17%
Berry that reduces the damage taken from Normal-type attacks Chilan Berry
17%
Item used to encounter Entei Entei Treat
17%
Item used to encounter Glastrier Glastrier Treat
17%
Item used to encounter Groudon Groudon Treat
17%
Item used to encounter Ho-Oh Ho-Oh Treat
17%
Item used to encounter Kubfu Kubfu Treat
17%
Item used to encounter Kyogre Kyogre Treat
17%
Item used to encounter Kyurem Kyurem Treat
17%
Item used to encounter Lugia Lugia Treat
17%
Held item that raises the holder's Special Defense by 1 stage if the holder is hit by a Water-type move Luminous Moss
17%
Item used to encounter Lunala Lunala Treat
17%
Item used to encounter Moltres Moltres Treat
17%
Item used to encounter Necrozma Necrozma Treat
17%
Item that holds Pokéblocks Pokéblock Case
17%
Held item that halves the holder's Speed but increases the amount of Special Attack EV's the holder receives. It also passes down the Special Attack IV of a Pokémon to its offspring when bred Power Lens
17%
Item used to encounter Raikou Raikou Treat
17%
Item used to encounter Rayquaza Rayquaza Treat
17%
Item used to encounter Reshiram Reshiram Treat
17%
Item used to change Rotom to its Heat, Wash, Frost, Fan or Mow forms and back Rotom Catalog
17%
Item that performs many functions, including a map, Pokédex and communication with others Rotom Phone
17%
Item used to scare Pokémon away from the impact when thrown Scatter Bang
17%
Item that evolves Kubfu Scroll of Waters
17%
Item used to encounter Solgaleo Solgaleo Treat
17%
Item used to encounter Spectrier Spectrier Treat
17%
Item used to stun wild Pokémon Sticky Glob
17%
Item used to encounter Suicune Suicune Treat
17%
Item that slightly increases a Pokémon's Speed stat Swift Feather
17%
Berry that drops Speed EV's, but increases friendship Tamato Berry
17%
Berry that reduces the damage taken from super effective Bug-type attacks Tanga Berry
17%
Item used to encounter Terrakion Terrakion Treat
17%
Item that can be sold for 250 Pokédollars Tiny Mushroom
17%
Item used to encounter Zapdos Zapdos Treat
17%
Item used to encounter Zekrom Zekrom Treat
17%
Item that allows Dialga to change from its normal form to its Origin Forme and back Adamant Crystal
16%
Held item that changes Alolan Raichu's Thunderbolt into Stoked Sparksurfer Aloraichium Z
16%
Berry that reduces the damage taken from super effective Steel-type attacks Babiri Berry
16%
Berry that reduces the damage taken from super effective Flying-type attacks Coba Berry
16%
Item used to encounter Cobalion Cobalion Treat
16%
Item that heals 50 HP (gen 1-6)-
Item that heals 60 HP (gen 7-9)
Energy Powder
16%
Berry that increases the Defense stat of the consumer when its HP falls below 25% Ganlon Berry
16%
Item that slightly increases a Pokémon's HP stat Health Feather
16%
Item used to encounter Latias Latias Treat
16%
Item used to encounter Latios Latios Treat
16%
Item that changes Arceus' type to Normal, but allows it to change its type by itself when using Judgment Legend Plate
16%
Item that heals any status condition Lumiose Galette
16%
Item that evolves Charcadet Malicious Armor
16%
Item to be delivered to professor Oak Oak's Parcel
16%
Berry that reduces the damage taken from super effective Psychic-type attacks Payapa Berry
16%
Held item that changes Pikachu in a Cap's Thunderbolt into 10.000.000 Volt Thunderbolt Pikashunium Z
16%
Item to temporarily restore Koraidon or Miraidon's strength Sandwich
16%
Item used to quell the frenzied Hisuian Avalugg Snow Balm
16%
Item that contains the player's TMs and HMs TM Case
16%
Item used to encounter Virizion Virizion Treat
16%
Berry that restores 33% of the consumer's HP when it falls below 25%, but confuses Pokémon that like dry food Wiki Berry
16%
Item that holds the player's Berries Berry Pouch
14%
Berry with no known effect, but can be used to make Pokéblocks and Poffins Bluk Berry
14%
Berry that reduces the damage taken from super effective Dark-type attacks Colbur Berry
14%
Item that allows the player to traverse through sandstorms Go-Goggles
14%
Item that can be exchanged to maximize all of one of the player's Pokémon's IV's in Hyper Training Gold Bottle Cap
14%
Berry that drops Special Defense EV's, but increases friendship Grepa Berry
14%
Berry that reduces the damage taken from super effective Ghost-type attacks Kasib Berry
14%
Berry that drops Attack EV's, but increases friendship Kelpsy Berry
14%
Item to be delivered to Steven Letter
14%
Item that heals 100% of a fainted Pokémon's HP and can be used to give Urshifu the Gigantamax Factor Max Honey
14%
Berry that increases the accuracy of the consumer's next move after its HP falls below 25% Micle Berry
14%
Item that slightly increases a Pokémon's Attack stat Muscle Feather
14%
Berry that increases the Special Attack stat of the consumer when its HP falls below 25% Petaya Berry
14%
Item that can be sold for 1.000 Pokédollars Pokéshi Doll
14%
Item used to travel to the Sevii Islands Rainbow Pass
14%
Berry that increases the Speed stat of the consumer when its HP falls below 25% Salac berry
14%
Held item that evolves Milcery by spinning around while it's holding this item Star Sweet
14%
Item that allows the player to watch tutorial videos Teachy TV
14%
Item that can be thown in a Max Raid Den to start a Max Raid Wishing Piece
14%
Item used to craft Pokéshi Dolls, and can be exchanged for a Pixie Plate Wood
14%
Berry that restores 33% of the consumer's HP when it falls below 25%, but confuses Pokémon that like bitter food Aguav Berry
13%
Held item that evolves Milcery by spinning around while it's holding this item Berry Sweet
13%
Item that opens a shutter in the Goldenrod Radio Tower | Item that opens locked doors in the Silph Co. building Card Key
13%
Berry that increases the priority of the consumer's next move after its HP falls below 25% Custap Berry
13%
Item that increases the Exp. Pokémon gain by 50% Exp. Charm
13%
Item that slightly increases a Pokémon's Special Attack stat Genius Feather
13%
Item that allows Giratina to change between its Altered Forme and its Origin Forme Griseous Core
13%
Berry that damages the attacker when the consumer is hit by a physical move Jaboca Berry
13%
Berry that increases the critical hit ratio of the consumer when its HP falls below 25% Lansat Berry
13%
Item that allows Palkia to change from its normal form to its Origin Forme and back Lustrous Globe
13%
Item used to open the hidden entrance to Team Magma's Hideout Magma Emblem
13%
Item that can be used to flee from wild Pokémon battles Poké Toy
13%
Held item that halves the holder's Speed but increases the amount of HP EV's the holder receives. It also passes down the HP IV of a Pokémon to its offspring when bred Power Weight
13%
Item to be exchanged for the Rainbow Pass Ruby
13%
Item to be exchanged for being able to trade across Ruby, Sapphire, Emerald, Colosseum and XD: Gale of Darkness Sapphire
13%
Item used to water Berry plants Sprinklotad
13%
Item that holds the player's Stickers/Seals Sticker Case
13%
Held item that evolves Milcery by spinning around while it's holding this item Strawberry Sweet
13%
Held item that allows Dusk Mane Necrozma or Dawn Wings Necrozma to change into Ultra Necrozma, and changes Ultra Necrozma's Photo Geyser into Light that Burns the Sky Ultranecrozium Z
13%
Berry that increases the Special Defense stat of the consumer when its HP falls below 25% Apicot Berry
12%
Item used to access the Isle of Armor Armor Pass
12%
Item that increases the odds of getting critical captures Catching Charm
12%
Held item that evolves Milcery by spinning around while it's holding this item Clover Sweet
12%
Item that can be sold fo 12.500 Pokédollars Comet Shard
12%
Berry that restores 33% of the consumer's HP when it falls below 25%, but confuses Pokémon that like spicy food Figy Berry
12%
Item that unlocks doors in the Galactic Warehouse and Team Galactic HQ Galactic Key
12%
Item to be exchanged for HM04-
Item to be exchanged to learn the Secret Technique Strong Push to Partner Pikacu or Partner Eevee
Gold Teeth
12%
Item that raises the effort level of a Pokémon's stat by 1, up to 3 Grit Dust
12%
Berry that reduces the damage taken from super effective Poison-type attacks Kebia Berry
12%
Berry that raises the consumer's Defense stat when it's hit by a physical move Kee Berry
12%
Item that allows the player to change their eye color Lens Case
12%
Berry that restores 33% of the consumer's HP when it falls below 25%, but confuses Pokémon that like sweet food Mago Berry
12%
Berry that raises the consumer's Special Defense stat when it's hit by a special move Maranga Berry
12%
Item that evolves Artisan Poltchageist Masterpiece Teacup
12%
Item used to start Mochi Mayhem Mythical Pecha Berry
12%
Item that can fuse Necrozma with Lunala to create Dawn Wings Necrozma, and revert the fusion back N-Lunarizer
12%
Item that can fuse Necrozma with Solgaleo to create Dusk Mane Necrozma, and revert the fusion back N-Solarizer
12%
Item the player can use to register other players as friends Pal Pad
12%
Item that slightly increases a Pokémon's Defense stat Resist Feather
12%
Item to increase the speed at which the player traverses and can be used on the water Rotom Bike
12%
Item that heals any status condition Shalour Sable
12%
Item that can be used to create a Shell Bell Shoal Salt
12%
Item that evolves Counterfeit Poltchageist Unremarkable Teacup
12%
Berry with no known effect, but can be used to make Pokéblocks and Poffins Wepear Berry
12%
Item that raises the offensive stats of the Pokémon in battle Aux Power
10%
Item that raises the offensive and defensive stats of the Pokémon in battle Aux Powerguard
10%
Item that can be sold for 7.500 Pokédollars Balm Mushroom
10%
Item used to access the Crown Tundra Crown Pass
10%
Item used to encounter a dark Origin Forme Giratina Distortion Slate
10%
Item that heals 100 HP but lowers friendship Fine Remedy
10%
Item that raises the effort level of a Pokémon's stat by 1, between 7 and 9 Grit Pebble
10%
Item that raises the effort level of a Pokémon's stat by 1, up to 10 Grit Rock
10%
Berry that drops Special Attack EV's, but increases friendship Hondew Berry
10%
Berry that restores 10 PP and dulls the actions of wild Pokémon Hopo Berry
10%
Item used to encounter Kyogre Oceanic Slate
10%
Item that heals any status condition Pewter Crunchies
10%
Item to be collected during Mina's trial Pink Petal
10%
Berry that drops HP EV's, but increases friendship Pomeg Berry
10%
Held item that halves the holder's Speed but increases the amount of Defense EV's the holder receives. It also passes down the Defense IV of a Pokémon to its offspring when bred Power Belt
10%
Held item that halves the holder's Speed but increases the amount of Attack EV's the holder receives. It also passes down the Attack IV of a Pokémon to its offspring when bred Power Bracer
10%
Item that holds Props for Pokémon Musicals Prop Case
10%
Item that can be sold for 5.000 Pokédollars Rare Bone
10%
Item to be collected during Mina's trial Red Petal
10%
Item that heals 60 HP but lowers friendship Remedy
10%
Berry that damages the attacker when the consumer is hit by a special move Rowap Berry
10%
Berry with no known effect, but can be used to make Pokéblocks and Poffins Spelon Berry
10%
Item used to water Berry plants Sprayduck
10%
Item that silnces the player's footsteps, preventing wild Pokémon getting alerted Stealth Spray
10%
Item used to encounter Rayquaza Stratospheric Slate
10%
Item that heals 150 HP but lowers friendship Superb Remedy
10%
Item that increases the player's health Survival Charm (B)
10%
Item that increases the player's health Survival Charm (P)
10%
Item that increases the player's health Survival Charm (R
10%
Item that increases the player's health Survival Charm (T)
10%
Item that increases the player's health Survival Charm (Y)
10%
Berry with no known effect, but can be used to make Pokéblocks and Poffins Watmel Berry
10%
Item used to create Dynamax Bands Wishing Star
10%
Item to be collected during Mina's trial Yellow Petal
10%
Berry with no known effect, but can be used to make Pokéblocks and Poffins Belue Berry
9%
Item to be collected during Mina's trial Blue Petal
9%
Berry with no known effect, but can be used to make Pokéblocks and Poffins Durin Berry
9%
Item used to access the (Grand) Underground Explorer Kit
9%
Item that resets all of a Pokémon's base stats Fresh-Start Mochi
9%
Item used to encounter Mewtwo Genome Slate
9%
Item to be collected during Mina's trial Green Petal
9%
Item that raises the effort level of a Pokémon's stat by 1, between 4 and 6 Grit Gravel
9%
Item that allows communcation with other characters in Kalos Holo Caster
9%
Item used to encounter Raikou, Entei and Suicune Johto Slate
9%
Item that heals any status condition Jubilife Muffin
9%
Item used to encounter Articuno, Zapdos and Moltres Kanto Slate
9%
Held item that evolves Milcery by spinning around while it's holding this item Love Sweet
9%
Item to be collected during Mina's trial Orange Petal
9%
Item used to craft Scatter Bangs Pop Pod
9%
Item to be collected during Mina's trial Purple Petal
9%
Item used to encounter Ho-Oh Rainbow Slate
9%
Item that opens the Cinnabar Island gym | Item that opens up Rotom's Room in the Team Galactic Eterna Building Secret Key
9%
Item used to heal a sick Ampharos, or to cure a group of Psyduck of their headaches Secret Medicine
9%
Item used to stun wild Pokémon, can also be used to craft Sticky Globs Spoiled Apricorn
9%
Item used to encounter Lugia Squall Slate
9%
Item used to encounter Groudon Tectonic Slate
9%
Item used to summon Calyrex Wooden Crown
9%
Item that allows the player to reach Kyogre and allows the player to travel into space Aqua Suit
7%
Item used to stun wild Pokémon, can also be used to craft Sticky Globs Ball of Mud
7%
Item that allows the player to plant, water and grow berries while traveling Berry Pots
7%
Item used to start riding Wyrdeer, Ursaluna, Basculegion, Sneasler or Hisuian Braviary Celestica Flute
7%
Item used to wake up sleeping Pokémon in the overworld Colress Machine
7%
Item used to access the elevator in Lysandre Labs Elevator Key
7%
Item that allows the player to collect information about certain famous trainers Fame Checker
7%
Held item that evolves Milcery by spinning around while it's holding this item Flower Sweet
7%
Item that changes the background music to versions like those from Gold, Silver and Crystal GB Sounds
7%
Item used to record the player's progress or revisit earlier-seen explanations on certain topics Guidebook
7%
Item that raises a Pokémon's HP EV's by 10 Health Mochi
7%
Item that allows the player to reach Groudon and allows the player to travel into space Magma Suit
7%
Item used to access the player's Boxes at any time Pokémon Box Link
7%
Held item that evolves Milcery by spinning around while it's holding this item Ribbon Sweet
7%
Item that can be used to create a Shell Bell Shoal Shell
7%
Item used to encounter Latias and Latios Soul Slate
7%
Item that opens the door to the Storage Room inside the Abandoned Ship (RSE) or Sea Mauville (ORAS) | Item used to open the door in the Galactic Warehouse Storage Key
7%
Item that heals 20 HP Sweet Heart
7%
Item used to travel to One Island, Two Island and Three Island Tri-Pass
7%
Item used to craft Poké Balls Tumblestone
7%
Item that records which Unown the player has caught Unown Report
7%
Item that prevents the player from being affected by status conditions once Warding Charm (B)
7%
Item that prevents the player from being affected by status conditions once Warding Charm (P)
7%
Item that prevents the player from being affected by status conditions once Warding Charm (R
7%
Item that prevents the player from being affected by status conditions once Warding Charm (T)
7%
Item that prevents the player from being affected by status conditions once Warding Charm (Y)
7%
Item to be echanged for certain tutor moves Armorite Ore
6%
Item that is used to access Goldenrod Tunnel's basement | Item that unlocks the door in New Mauville Basement Key
6%
Item used to craft Poké Balls Black Tumblestone
6%
Item that raises a Pokémon's Special Defense EV's by 10 Clever Mochi
6%
Item to be worn by the player during Pokémon Contest Spectaculars Contest Costume
6%
Item that grants participation in Pokémon Contests Contest Pass
6%
Item that allows the player to travel underwater Devon Scuba Gear
6%
Item used to encounter Regirock, Regice and Registeel Discovery Slate
6%
Item that raises a Pokémon's Special Attack EV's by 10 Genius Mochi
6%
Berry that restores 30 HP when the consumer's HP falls below 50% Gold Berry
6%
Item that raises a Pokémon's HP by 1 AV up to 50 AVs Health Candy
6%
Item that allows the player to mute or change the volume of background music, sound effects and Pokémon cries Hi-tech Earbuds
6%
Item that allows the player to collect Medals Medal Box
6%
Item that raises a Pokémon's Attack by 1 AV up to 50 Avs Mighty Candy
6%
Item that raises a Pokémon's Attack EV's by 10 Muscle Mochi
6%
Berry with no known effect, but can be used to make Pokéblocks and Poffins Nomel Berry
6%
Berry that drops Defense EV's, but increases friendship Qualot Berry
6%
Item to be sold to a billionair maniac for 300.000 Pokédollars Relic Crown
6%
Item to be sold to a billionair maniac for 10.000 Pokédollars Relic Gold
6%
Item to be sold to a billionair maniac for 5.000 Pokédollars Relic Silver
6%
Item to be sold to a billionair maniac for 50.000 Pokédollars Relic Vase
6%
Item that raises a Pokémon's Defense EV's by 10 Resist Mochi
6%
Roto Power that raises all stats of the Pokémon currently battling Roto Boost
6%
Roto Power that increases the chances of catching Pokémon Roto Catch
6%
Roto Power that increases the rate at which eggs hatch Roto Hatch
6%
Item that helps with taking selfies Roto-Stick
6%
Item that can be sold for 1.500 Pokédollars Strange Souvenir
6%
Item that swaps a Pokémon's offensive stats with its defensive stats Swap Snack
6%
Item that raises a Pokémon's Speed EV's by 10 Swift Mochi
6%
Item used to craft healing items Vivichoke
6%
Berry with no known effect, but can be used to make Pokéblocks and Poffins Cornn Berry
4%
Item to be exchanged for a Pokétch Coupon 1
4%
Item to be exchanged for a Pokétch Coupon 2
4%
Item to be exchanged for a Pokétch Coupon 3
4%
Item that allows the player to craft items with materials in their satchel Crafting Kit
4%
Item that changes the music and Pikachu and Eevee's cries to those from Diamons, Pearl and Platinum DS Sounds
4%
Item used as currency in the Max Lair Dynite Ore
4%
Item that allows the player to participate in the Gym Challenge Endorsement
4%
Item that increases the amount of Tera Shards can be obtained from Tera Raids Glimmering Charm
4%
Item used as bait for certain wild Pokémon Grain Cake
4%
Item used to increase the speed at which Berry plants grow Growth Mulch
4%
Item that raises a Pokémon's HP by 1 AV if the Pokémon is level 30 or higher up to 100 AVs Health Candy L
4%
Item that raises a Pokémon's HP by 1 AV if the Pokémon is level 60 or higher up to 200 AVs Health Candy XL
4%
Item to be returned to Kofu Kofu's Wallet
4%
Item that allows the player to use the elevator in the Team Rocket Hideout Lift Key
4%
Berry with no known effect, but can be used to make Pokéblocks and Poffins Magost Berry
4%
Item that allows the player (when female) to change the color of their lips Makeup Bag
4%
Item used to craft healing items Medicinal Leek
4%
Item that raises a Pokémon's Attack by 1 AV if the Pokémon is level 30 or higher up to 100 Avs Mighty Candy L
4%
Item that raises a Pokémon's Attack by 1 AV if the Pokémon is level 60 or higher up to 200 Avs Mighty Candy XL
4%
Item used to craft the Origin Ball Origin Ore
4%
Item used to craft several items Pep-Up Plant
4%
Item that allows the player to fly to the Nature preserve from Mistralton City Permit
4%
Item that grants access to restricted areas aboard the Plasma Frigate Plasma Card
4%
Item to be exchanged for the Exp. Share from Mr. Pokémon Red Scale
4%
Roto Power that fully restores the HP of the Pokémon currently battling Roto HP Restore
4%
Roto Power that fully restores the PP of the Pokémon currently battling Roto PP Restore
4%
Item to be exchanged for a Deep Sea Scale or Deep Sea Tooth (RSE) or a Clear Bell (OR) or Tidal Bell (AS) Scanner
4%
Item used to have Pokémon master a move to use in Strong or Agile Style Seed of Mastery
4%
Item used to craft Poké Balls Sky Tumblestone
4%
Item that allows the player to collect vulcanic ash Soot Sack
4%
Item that allows the player to synchronize with their Pokémon Synchro Machine
4%
Item that prevents the player from losing any items other than this item when blacking out Tempting Charm (B)
4%
Item that prevents the player from losing any items other than this item when blacking out Tempting Charm (P)
4%
Item that prevents the player from losing any items other than this item when blacking out Tempting Charm (R
4%
Item that prevents the player from losing any items other than this item when blacking out Tempting Charm (T)
4%
Item that prevents the player from losing any items other than this item when blacking out Tempting Charm (Y)
4%
Item used to access the Valley Windworks Works Key
4%
Item used to learn Trainer Tips or to revisit earlier-seen explanations on certain topics Adventure Guide
3%
Item that stores Apricorns Apricorn Box
3%
Item that allows Basculegion to become a Ride Pokémon Basculegion Food
3%
Item used to craft several items Cake-Lure Base
3%
Item used to craft several items Caster Fern
3%
Item that fixates the Pokémon on using the move it last used Choice Dumpling
3%
Item used to create Secret Bases in the (Grand) Underground) Digger Drill
3%
Item used to craft several items Direshroom
3%
Item to be returned to Lenora Dragon Skull
3%
Item that can be exchanged for TM89 Gram 1
3%
Item that can be exchanged for TM89 Gram 2
3%
Item that can be exchanged for TM89 Gram 3
3%
Item used as bait for certain wild Pokémon, also used to craft items Hearty Grains
3%
Item used to access the Area Zero Underdepths Indigo Disc
3%
Item used to craft Aux Guards Iron Barktongue
3%
Item used to craft Poké Balls Iron Chunk
3%
Item used to craft several items King's Leaf
3%
Item to be exchanged for a Pass for the Magnet Train from Copycat Lost Item
3%
Item to be exchanged for TM07 (GSC) or TM57 (HGSS) Machine Part
3%
Item used to quell Arceus Mysterious Balm
3%
Berry that restores 5 PP MysteryBerry
3%
Item to be exchanged for a Choice Scarf Old Letter
3%
Berry with no known effect, but can be used to make Pokéblocks and Poffins Pamtre Berry
3%
Item that allows the player to make, store and feed Pokéblocks to the Pokémon in the player's party Pokéblock Kit
3%
Item that stores Berry Powder Powder Jar
3%
Item to be returned to Professor Kukui Professor's Mask
3%
Item to be collected during Mine's trial to begin the final part of it Rainbow Flower
3%
Item to be sold to a billionair maniac for 1.000 Pokédollars Relic Copper
3%
Item to be sold to a billionair maniac for 200.000 Pokédollars Relic Statue
3%
Roto Power that increases the rate at which Pokémon's friendship grows Roto Friendship
3%
Item used as bait for certain wild Pokémon Salt Cake
3%
Item received from Sonia Sonia's Book
3%
Item used to quell Origin Forme Palkia Space Balm
3%
Item used as bait for certain wild Pokémon, also used to craft items Springy Mushroom
3%
Item that gives the player more clothing and hair style options Style Card
3%
Item used to quell Origin Forme Dialga Time Balm
3%
Item that increases the speed at which the soil of a Berry plant dries, increases the final Berry harvest by 2 Berries and increases the chance of Berry mutations Amaze Mulch
1%
Item received from Lt. Surge Autograph
1%
Item used to craft the Red Chain Azelf's Fang
1%
Item that can be sold for 1.500 Pokédollars Big Bamboo Shoot
1%
Item used to make the Reins of Unity Black Mane Hair
1%
Item that increases the speed at which the soil of a Berry plant dries Boost Mulch
1%
Item to be exchanged for the Scarlet Book or Violet Book Briar's Book
1%
Item used to craft several items Bugwort
1%
Item that allows the player to set up a Pokémon Camp Camping Gear
1%
Item used to craft several items Candy Truffle
1%
Item used to grow Iceroot Carrots or Shaderoot Carrots Carrot Seeds
1%
Item that raises a Pokémon's Special Defense by 1 AV up to 50 Avs Courage Candy
1%
Item that raises a Pokémon's Special Defense by 1 AV if the Pokémon is level 30 or higher up to 100 Avs Courage Candy L
1%
Item that raises a Pokémon's Special Defense by 1 AV if the Pokémon is level 60 or higher up to 200 Avs Courage Candy XL
1%
Item used as bait for certain wild Pokémon, also used to craft items Crunchy Salt
1%
Item used to repair Ogerpon's Mask Crystal Cluster
1%
Item used to increase the time a Berry plant's soil stays moist, but decreases the speed at which that Berry plant grows Damp Mulch
1%
Item used as bait for certain wild Pokémon, also used to craft items Dazzling Honey
1%
Item to be delivered to Captain Stern Devon Parts
1%
Item that gives the player a one-time 50% discount in boutiques Discount Coupon
1%
Item used to craft Aux Evasion Doppel Bonnets
1%
Item to be returned to Yancy/Curtis Dropped Item
1%
Item that allows the player to access Looker and Anabel's motel room Enigmatic Card
1%
Item used to make Snow Balms Eternal Ice
1%
Item used to host missions in Festival Plaza Festival Ticket
1%
Item that is used to store collected items in Mallow's trial Forage Bag
1%
Item used to quell the frenzied Kleavor Forest Balm
1%
Item that increases the chance of dead Berry plants regrowing Berries Gooey Mulch
1%
Item that when opened, gives the player the Golden Trophy decoration Gorgeous Box
1%
Item to be returned to its owner on a Thursday, in return for a Fluffy Tail on a Sunday Grubby Hanky
1%
Item used as bait for certain wild Pokémon Honey Cake
1%
Item that serves as proof of defeating Team Flare and becoming the Champion Honor of Kalos
1%
Item to be returned to Verdant Cavern for a rematch against Totem Gumshoos or Totem Alolan Raticate Ilima's Normalium Z
1%
Item that gives the player more clothing and hair style options Indigo Style Card
1%
Item to be exchanged for a Sun Stone or is identified to be a Pidgeotite Intriguing Stone
1%
Item to be exchanged for a Mental Herb Left Poké Ball
1%
Item that gives information about the Ultra Wormhole above the Max Lair Legendary Clue ?
1%
Item that gives information about Calyrex Legendary Clue 1
1%
Item that gives information about Regirock, Regice, Registeel, Regieleki and Regidrago Legendary Clue 2
1%
Item that gives information about Galarian Articuno, Galarian Zapdos and Galarian Moltres Legendary Clue 3
1%
Item to be given to Looker Looker Ticket
1%
Item used to quell the frenzied Hisuian Lilligant and are used during Azelf's trial Marsh Balm
1%
Item to be given to Professor Cozmo Meteorite Shard
1%
Item used to quell the frenzied Hisuian Electrode Mountain Balm
1%
Item used as bait for certain wild Pokémon Mushroom Cake
1%
Item to be exchanged for a Slate at Ramanas Park Mysterious Shard L
1%
Item to be exchanged for a Slate at Ramanas Park Mysterious Shard S
1%
Item that when opened, gives the player the Silver Trophy decoration Normal Box
1%
Item to be given to Cynthia's grandmother Old Charm
1%
Item that allow the player to see the Litleonid star show with Brendan/May Pair of Tickets
1%
Item that can be used to buy Pass Powers at the Entralink Pass Orb
1%
Item used as bait for certain wild Pokémon, also used to craft Bean Cakes Plump Bean
1%
Item that holds the player's Battle Points Point Card
1%
Item that allows the player to access the Kalos Power Plant Power Plant Pass
1%
Item to be given to the player's mother in exchange for a Town Map and a Potion Prof's Letter
1%
Item that raises a Pokémon's Speed by 1 AV up to 50 Avs Quick Candy
1%
Item that raises a Pokémon's Speed by 1 AV if the Pokémon is level 30 or higher up to 100 Avs Quick Candy L
1%
Item that raises a Pokémon's Speed by 1 AV if the Pokémon is level 60 or higher up to 200 Avs Quick Candy XL
1%
Item that increases the final Berry harvest by 2 Berries Rich Mulch
1%
Roto Power that halves the prices at shops Roto Bargain
1%
Roto Power that temporarily increases the chances of encountering higher leveled Pokémon Roto Encounter
1%
Roto Power that increases the Exp. the player's Pokémon receive after battle Roto Exp. Points
1%
Roto Power that triples the prize money the player receives after battle Roto Prize Money
1%
Roto Power that prevents wild Pokémon encounters Roto Stealth
1%
Item used to craft Twice-Spiced Radish Sand Radish
1%
Item that raises a Pokémon's Special Attack by 1 AV up to 50 Avs Smart Candy
1%
Item that raises a Pokémon's Special Attack by 1 AV if the Pokémon is level 30 or higher up to 100 Avs Smart Candy L
1%
Item that raises a Pokémon's Special Attack by 1 AV if the Pokémon is level 60 or higher up to 200 Avs Smart Candy XL
1%
Item used to craft several items Sootfoot Root
1%
Item used to keep Berries staying on Berry pants longer Stable Mulch
1%
Item to be returned to a girl at Hotel Grand Lake for a Lava Cookie or White Flute Suite Key
1%
Item that serves as proof of defeating the Kantonian Gym in Malie City Surge Badge
1%
Item that increases the chance of Berry mutations Surprise Mulch
1%
Item used to craft several items Swordcap
1%
Item that gives the player more clothing and hair style options Teal Style Card
1%
Item that can be sold for 375 Pokédollars Tiny Bamboo Shoot
1%
Item used to ride the TMV to get to Kiloude City TMV Pass
1%
Item that raises a Pokémon's Defense by 1 AV up to 50 Avs Tough Candy
1%
Item that raises a Pokémon's Defense by 1 AV if the Pokémon is level 30 or higher up to 100 Avs Tough Candy L
1%
Item that raises a Pokémon's Defense by 1 AV if the Pokémon is level 60 or higher up to 200 Avs Tough Candy XL
1%
Item used to craft the Red Chain Uxie's Claw
1%
Item used to quell the frenzied Hisuian Arcanine VolcanoBalm
1%
Item to be returned to Calaba Wall Fragment
1%
Item used to make the Reins of Unity White Mane Hair
1%
Item used to craft the Red Chain Mesprit's Plume
0%
Berry with no known effect, but can be used to make Pokéblocks and Poffins Rabuta Berry
0%
Item used to make the Reins of Unity Radiant Petal
0%
Item to be sold to a billionair maniac for 100.000 Pokédollars Relic Band
0%
Item used to create Z-Rings or Z-Power Rings Sparkling Stone
0%
No matching quizzes found
Score Distribution
Percent of People with Each Score
Percentile by Number Answered
Your Score History
You have not taken this quiz since the last reset